000 00444nam a2200181Ia 4500
001 2170
005 20260306143822.0
008 260306t2023||||xx |||||||||||||| ||spa||
041 _aESP
082 _a616
_bL91 V. 2
100 _aLoscalzo, Joseph,
_eAUT
245 0 _aHarrison :
_bprincipios de medicina interna
260 _c2023
300 _aVarias paginaciones :
_c28 cm.
650 _aGEN
654 _aCCS
942 _cLIB
_dJUS
_fJUS
_2ddc
_n
999 _c2170
_d2170